Statistics for Women in History

Click here to take the quiz!

General Stats

  • This quiz has been taken 531 times
  • The average score is 17 of 24

Answer Stats

HintAnswer% Correct
Jewish Girl who kept a diary whilst she hid from the NazisAnne Frank
95%
Last Pharaoh of Ancient EgyptCleopatra
95%
'The Iron Lady', first female British PMMargaret Thatcher
91%
Refused to give up her bus seatRosa Parks
89%
Britain's longest ruling monarch after Elizabeth IIQueen Victoria
88%
French-Polish discoverer of PoloniumMarie Curie
86%
First woman to fly solo over the Atlantic OceanAmelia Earhart
85%
Longest ruling female leader of RussiaCatherine the Great
85%
English Author of Pride and PrejudiceJane Austen
85%
'The Maid of Orleans'Joan of Arc
82%
Second Wife of Henry VIII, was beheaded by her husbandAnne Boleyn
77%
Queen of Castille and Leon, married to King FerdinandIsabella I of Castille
76%
English Nurse who helped soldiers in the Crimean WarFlorence Nightingale
75%
First blind and deaf person to get a college degreeHelen Keller
74%
Youngest Daughter of the Last Tsar of Russia, Nicholas IIAnastasia
71%
Wife of FDR, she was a influential WWII writer, activist, and politicianEleanor Roosevelt
70%
Roman Catholic sister of Albanian descent who spent most her life in IndiaMother Teresa
69%
Only woman to become Prime Minister of IndiaIndira Gandhi
65%
Great Royal Wife of Pharaoh AkhenatenNefertiti
57%
Queen of the Iceni Tribe who led an uprising against RomeBoudica
49%
Author of Uncle Tom's CabinHarriet Beecher-Stowe
41%
Native American woman who was the guide of Lewis and ClarkSacagawea
31%
Legendary Founder and First Queen of CarthageDido
29%
One of the longest reigning Pharaohs, 'The first great woman of History'Hatshepsut
20%

Score Distribution

Percentile by Number Answered

Percent of People with Each Score

Your Score History

You have not taken this quiz